A szem biokémiájának gyakorlati vonatkozásairól 2. rész, glaucoma, üvegtest, endokrin exophthalmus, retina /
Elmentve itt :
| Szerző: | |
|---|---|
| Dokumentumtípus: | Cikk |
| Megjelent: |
1961
|
| Sorozat: | Kolligátum
|
| Kulcsszavak: | Szemészet |
| Online Access: | http://misc.bibl.u-szeged.hu/26699 |
| LEADER | 00606nab a2200169 i 4500 | ||
|---|---|---|---|
| 001 | misc26699 | ||
| 005 | 20191108150101.0 | ||
| 008 | 170829s1961 hu o 0|| zxx d | ||
| 040 | |a SZTE Miscellanea Repozitórium |b hun | ||
| 041 | |a zxx | ||
| 100 | 1 | |a Kahán Ágost | |
| 245 | 1 | 2 | |a A szem biokémiájának gyakorlati vonatkozásairól |h [elektronikus dokumentum] : |b 2. rész, glaucoma, üvegtest, endokrin exophthalmus, retina / |c Kahán Ágost |
| 260 | |c 1961 | ||
| 300 | |a 171-187 | ||
| 490 | 0 | |a Kolligátum | |
| 695 | |a Szemészet | ||
| 856 | 4 | 0 | |u http://misc.bibl.u-szeged.hu/26699/1/019_011_171-187.pdf |z Dokumentum-elérés |